Ríos de Europa con un mapa - Estadísticas

Estadísticas generales
  • Esta prueba ha sido intentada 671 veces
  • La puntuación promedio es 12 de 23
Respuestas en el mapa
Las respuestas están codificadas por una escala verde-roja en el mapa de la prueba según el % correcto abajo.
 
Estadísticas de respuestas
Respuesta % Correcto
Ebro
93%
Tajo
93%
Danubio
90%
Sena
86%
Duero
83%
Támesis
81%
Rin
78%
Po
73%
Volga
72%
Loira
54%
Dniéper
52%
Elba
47%
Tíber
43%
Dniéster
41%
Vistula
39%
Don
37%
Ródano
37%
Garona
27%
Meno
9%
Mosela
8%
Severn
7%
Eno
4%
Glomma
4%
No se encontraron pruebas coincidentes
Distribución de puntuación
Porcentaje de gente con cada puntuación
Porcentaje por número respondido
Historial de tus puntuaciones
No has intentado esta prueba.